01017cam a2200229 a 450000100100000000500170001000800410002704000230006808200190009110000480011024500400015826000610019830000210025950502570028065000310053765000330056891000330060191000070063404900090064195201220065099900150077200000746120200929154158.0770823s1976 ec 001 0 spa  aDO-SdBNPcDLCdDLC aE864.44bS487e1 aSerrano Aguirre, Ángel,d1934-197492074410aEnsayos /cÁngel Serrano Aguirre. aQuito, Ecuador :bCasa de la Cultura Ecuatoriana,c1976. a196 p. ;c19 cm.0 aAnte lo sencillo -- El viajero -- Ante los problemas sociales -- Ante los problemas eternos -- Facetas del alma del español -- El sentido de la muerte en la poesía de Federico García Lorca -- Apreciaciones y sentimientos sobre el país del arte. 4aEnsayos ecuatorianos93909 4aLiteratura ecuatoriana93938 aCatalogación derivada / LC aWM aBNGR 001054708MOaGRbGRcHDd2009-09-08iLF1l0oE864.44 S487ep7461-10r2020-06-25w2020-06-25y4ZPréstamo en sala c7242d7242